00821nam a22001937a 4500003000900000008004100009040007100050082002500121100002200146245006900168260003700237300002800274440002000302505018500322650002200507650003400529650001900563700004500582AR-CdUCM190410b ||||| |||| 00| 0 spa d aMUNICIPALIDAD PROVINCIAL DEL CUSCOcBIBLIOTECA MUNICIPAL DEL CUSCO a331.07 /bL62 / 1965 aLifton, Walter M. aTrabajando con grupos :bformación del grupo y del individuo / aMéxico :bLimusa-Wiley,c1965. a384 páginas ;c18 cm. aEl mundo de hoy aContenido: El proceso de grupo y el desarrollo individual -- Teorías, terminologías y definiciones -- Instrumentos y técnicas del proceso de ayuda -- Un grupo en acción ... aGrupos de trabajo aEducación y clases sociales aAdiestramiento aAlvarez Franco, Margarita (traducción)